MARC details
| 000 -CABECERA |
| campo de control de longitud fija |
01339nam a2200277 a 4500 |
| 003 - IDENTIFICADOR DEL NÚMERO DE CONTROL |
| campo de control |
DO-SdBNP |
| 005 - FECHA Y HORA DE LA ÚLTIMA TRANSACCIÓN |
| campo de control |
20220728111527.0 |
| 007 - CAMPO FIJO DE DESCRIPCIÓN FÍSICA--INFORMACIÓN GENERAL |
| campo de control de longitud fija |
ta |
| 008 - DATOS DE LONGITUD FIJA--INFORMACIÓN GENERAL |
| campo de control de longitud fija |
220728e2004 dr aod|gr|||| 001 0 spa d |
| 040 ## - FUENTE DE LA CATALOGACIÓN |
| Centro catalogador/agencia de origen |
DO-SdBNP |
| Lengua de catalogación |
spa |
| Centro/agencia transcriptor |
BNPHU |
| 082 #2 - NÚMERO DE LA CLASIFICACIÓN DECIMAL DEWEY |
| Número de edición |
44 |
| Número de documento/Ítem |
M294m |
| 245 10 - MENCIÓN DE TÍTULO |
| Título |
Manual de manejo para la crianza de patos Pekineses. / |
| Mención de responsabilidad, etc. |
Walkina Cruz Álvarez, Gregorio García Lagombra; Fotografía, Eduardo Fulcar, Gustavo Concepción |
| 260 ## - PUBLICACIÓN, DISTRIBUCIÓN, ETC. |
| Lugar de publicación, distribución, etc. |
Santo Domingo : |
| Nombre del editor, distribuidor, etc. |
IDIAF, |
| Fecha de publicación, distribución, etc. |
2004 |
| 300 ## - DESCRIPCIÓN FÍSICA |
| Extensión |
44 p. |
| Otras características físicas |
il., fotogr., gráf. |
| Dimensiones |
23 cm |
| 504 ## - NOTA DE BIBLIOGRAFÍA, ETC. |
| Nota de bibliografía, etc. |
Bibliografía: p. 44 |
| 505 ## - NOTA DE CONTENIDO CON FORMATO |
| Título |
I. Introducción. |
| -- |
II. Razas de patos.-- |
| -- |
III. Selección y mejoramiento genético.-- |
| -- |
IV. Sistema de constracciones e instalaciones para patos.-- |
| -- |
V. Manejo de la crianza.-- |
| -- |
VI. Enfermedades infecciosas y parasitarias de los patos.-- |
| -- |
VII. Comercialización y mercadeo de patos y sus subproductos en la República Dominicana. |
| -- |
VII. Bibliografía. |
| 590 ## - NOTA LOCAL (RLIN) |
| Nota local |
Inventariado 2022 / MF |
| 650 #4 - PUNTO DE ACCESO ADICIONAL DE MATERIA--TÉRMINO DE MATERIA |
| Término de materia o nombre geográfico como elemento de entrada |
Anacultura |
| Subdivisión geográfica |
República Dominicana |
| 9 (RLIN) |
82115 |
| 650 #4 - PUNTO DE ACCESO ADICIONAL DE MATERIA--TÉRMINO DE MATERIA |
| 9 (RLIN) |
61912 |
| Término de materia o nombre geográfico como elemento de entrada |
Manuales |
| Subdivisión general |
Anacultura |
| 700 1# - PUNTO DE ACCESO ADICIONAL--NOMBRE DE PERSONA |
| 9 (RLIN) |
55879 |
| Nombre de persona |
García Lagombra, Gregorio |
| 700 1# - PUNTO DE ACCESO ADICIONAL--NOMBRE DE PERSONA |
| Nombre de persona |
Fulcar, Eduardo |
| Término indicativo de función/relación |
fotogr. |
| 9 (RLIN) |
82111 |
| 700 1# - PUNTO DE ACCESO ADICIONAL--NOMBRE DE PERSONA |
| Nombre de persona |
Concepción, Gustavo |
| Término indicativo de función/relación |
fotogr. |
| 9 (RLIN) |
82112 |
| 710 2# - PUNTO DE ACCESO ADICIONAL--NOMBRE DE ENTIDAD CORPORATIVA |
| 9 (RLIN) |
1556 |
| Nombre de entidad corporativa o nombre de jurisdicción como elemento de entrada |
Instituto Dominicano de Investigaciones Agropecuárias y Florestales |
| 910 ## - DATOS DE OPCIÓN DEL USUARIO (OCLC) |
| Datos de opción del usuario |
MFeliz |
| 942 ## - ELEMENTOS DE PUNTO DE ACCESO ADICIONAL (KOHA) |
| Fuente del sistema de clasificación o colocación |
Dewey Decimal Classification |
| Tipo de ítem Koha |
Libro |